The 1975 - When We Are Together Lyrics - Statistics

General Stats
  • This quiz has been taken 29 times
  • The average score is 178 of 223
Answer Stats
Answer % Correct
We
100%
we
100%
when
100%
a
90%
about
90%
bout
90%
"Central
90%
Christmas
90%
cows
90%
down
90%
first
90%
get
90%
"I
90%
I
90%
is
90%
kiss
90%
lie
90%
makes
90%
me
90%
my
90%
only
90%
Our
90%
our
90%
Park
90%
said
90%
Said
90%
some
90%
somethin'
90%
sweater
90%
that
90%
the
90%
The
90%
them
90%
to
90%
was
90%
weather
90%
you
90%
You
90%
And
80%
and
80%
apartment
80%
are
80%
ask
80%
better
80%
department
80%
feel
80%
for
80%
I'm
80%
"I'm
80%
in
80%
it
80%
leave"
80%
might
80%
New
80%
new
80%
racist
80%
Sea
80%
She
80%
take
80%
time
80%
together
80%
wearin'
80%
were
80%
with
80%
World
80%
you're
80%
Because
70%
both
70%
canceled
70%
day
70%
fancy
70%
got
70%
handled
70%
It's
70%
its
70%
it's
70%
kind
70%
of
70%
Oh
70%
oh
70%
poorly
70%
should
70%
toy
70%
trees"
70%
Walmart
70%
candles
60%
had
60%
like
60%
more
60%
never
60%
out
60%
sandals
60%
scented
60%
searchin'
60%
she's
60%
slag
60%
smell
60%
socks
60%
still
60%
York
60%
at
50%
bag
50%
didn't
50%
gaslighting
50%
I'll
50%
into
50%
know
50%
own
50%
word
50%
biting
40%
but
40%
fighting
40%
just
40%
seems
40%
thought
40%
truth
40%
way
40%
absurd
30%
egos
30%
writing"
30%
No matching quizzes found
Score Distribution
Percent of People with Each Score
Percentile by Number Answered
Your Score History
You have not taken this quiz